| 000 | 00465nam a2200145 a 4500 | ||
|---|---|---|---|
| 001 | 000034300 | ||
| 005 | 20200930073628.0 | ||
| 008 | 111003s20uu es 000 0 spa d | ||
| 040 |
_aDO-SdBNP _bspa _cBNPHU |
||
| 100 | 1 |
_aBenedicto, Jone _959730 |
|
| 245 | 1 | 0 |
_aRecetas urbanas : _bfáciles de leer, apetecibles de cocinar, crean ganas de probar / _cJone Benedicto. |
| 260 |
_a[España]:, _c[s.f.]. |
||
| 300 |
_a1v. Con varias paginaciones ; _c28 cm. |
||
| 049 | _aBNPD | ||
| 999 |
_c33791 _d33791 |
||